000 01250cam a22003974i 4500
003 PE-LiUPU
005 20250731184101.0
008 190716s2009 pe r 000 0 spa d
020 _a9972239748
020 _a9789972239748
035 _a(Sirsi) a252311
040 _aPE-LiUPU
_bspa
_cPE-LiUPU
_erda
049 _aPRUA
082 0 4 _a863
_bC28
_220
100 1 _aCaralps, Pablo,
_eautor.
245 1 0 _aGripe mortal/
_cPablo Caralps.
250 _aPrimera edición.
264 1 _aLima :
_Corporación Gráfica Navarrete,
_c2009.
300 _a351 páginas ;
_c21 centímetros
336 _atext
_2rdacontent
337 _aunmediated
_2rdamedia
338 _avolume
_2rdacarrier
526 _aP145
526 _aP127
526 _aP97
526 _aP14
526 _aP07
650 0 4 _aNovelas españolas.
650 0 4 _aEpidemias
_vNovela.
910 _abdm
_brrch
_crrch
_d20190716
942 _2ddc
_cBOOK
994 _aC0
_bPEPRU
596 _a1
999 _a863 C28
_wDEWEY
_c31539
_i80352
_f2021-11-9
_g3
_lCCODEBUL1
_mBUL
_p15.00
_r0
_sY
_tBOOK
_u2019-7-16
_xEDUCACION
_PP20
_0DONACION
_o.STAFF. Colección Ciencias Humanas y Educación
_d31539
980 _81
_gALBERTO SANCHEZ Responsable de Automatización